000
00245nam a2200097Ia 4500
008
240331s9999 xx 000 0 und d
082
_b
SRI
100
_a
Uyangoda, J. ed
245
0
_a
Sri Lanka's Peace process 2002 critical perspectives
942
_c
L
999
_c
1385
_d
1385